000 00343 a2200157 4500
001 57865
020 _a
040 _cAnchieta - Pituba
100 _aGouveia, Luis Augusto
240 1 0 _aPra começo de conversa
_lpor
245 1 0 _aPra começo de conversa
300 _a111
362 0 _a1999
650 4 _aLiteratura juvenil
942 _cBK
999 _c57865
_d57865